Pleading & Practice (Record no. 1715109)
[ view plain ]
| 000 -LEADER | |
|---|---|
| fixed length control field | 00495nam a22001697a 4500 |
| 005 - DATE AND TIME OF LATEST TRANSACTION | |
| control field | 20260311123054.0 |
| 008 - FIXED-LENGTH DATA ELEMENTS--GENERAL INFORMATION | |
| fixed length control field | 260311b |||||||| |||| 00| 0 eng d |
| 040 ## - CATALOGING SOURCE | |
| Transcribing agency | FLL |
| 041 ## - LANGUAGE CODE | |
| Source of code | eng |
| Language code of text/sound track or separate title | eng |
| 084 ## - COLON CLASSIFICATION NUMBER | |
| Classification number | Z2,853 J8;K1 |
| 100 ## - MAIN ENTRY--PERSONAL NAME | |
| Personal name | Bindra, N.S |
| 245 ## - TITLE STATEMENT | |
| Title | Pleading & Practice |
| Remainder of title | With an exhaustive treatment of the subject With Model forms covring all branches of law |
| 250 ## - EDITION STATEMENT | |
| Edition statement | 2nd. |
| 260 ## - PUBLICATION, DISTRIBUTION, ETC. | |
| Place of publication, distribution, etc. | Law Publish |
| Name of publisher, distributor, etc. | Allahabad |
| Date of publication, distribution, etc. | 1961 |
| 300 ## - PHYSICAL DESCRIPTION | |
| Extent | xlviii,1116p |
| 942 ## - ADDED ENTRY ELEMENTS (KOHA) | |
| Source of classification or shelving scheme | Colon Classification (CC) |
| Koha item type | Textbook |
| 100 ## - MAIN ENTRY--PERSONAL NAME | |
| -- | 753117 |
| 999 ## - | |
| -- | 1715109 |
| -- | 1715109 |
| Withdrawn status | Lost status | Source of classification or shelving scheme | Damaged status | Not for loan | Home library | Current library | Date acquired | Total checkouts | Full call number | Barcode | Date last seen | Date last checked out | Copy number | Price effective from | Koha item type |
|---|---|---|---|---|---|---|---|---|---|---|---|---|---|---|---|
| Colon Classification (CC) | Faculty of Law Library | Faculty of Law Library | 2026-03-11 | 1 | Z2:853 J8;K1 | LL166650 | 2026-03-27 | 2026-03-12 | 1 | 2026-03-11 | Textbook |
